Famous Foursomes III Quiz Stats

 Plays Quiz Updated Apr 5, 2018

Score 0/80 Timer 10:00
6 Plays Today
% Correct
June
91.9%
April
91.7%
November
91.3%
September
91.3%
Texas
87.9%
England
85.5%
New Mexico
84.3%
ABC
83.2%
NBC
82.7%
California
82.1%
Scotland
81.5%
Arizona
80.5%
Wales
79.4%
FOX
78.2%
CBS
77.7%
Freddie Mercury
71.4%
US Open
70.9%
Saturn
70.1%
Jupiter
69.4%
Uranus
67.5%
Blue Fish
66.4%
Red Fish
66.3%
Neptune
66.2%
Reading
64.1%
One Fish
62.7%
Two Fish
62.5%
Northern Ireland
61%
B&O
57.9%
The Masters
56%
The Open
54.7%
Oxygen
52.2%
Left Ventricle
51.3%
Right Ventricle
51.3%
Chevrolet
50.7%
Hydrogen
49.7%
Pennsylvania
48.6%
US Secretary of State
48.2%
Sodium
45.6%
Price
44.6%
Miami, FL
39.7%
% Correct
Pasadena, CA
37.9%
PGA Championship
37.6%
Woodrow Wilson
36.8%
Short Line
35.4%
US Secretary of the Treasury
35.2%
Brian May
35%
Right Atrium
35%
Left Atrium
35%
Product
32.8%
Elizabeth II
32.2%
David Lloyd George
30.9%
GMC
30.3%
US Secretary of War
30.3%
Io
29.4%
Buick
29.4%
Chlorine
29.3%
New Orleans, LA
29%
Place
28.8%
Cadillac
28%
Glendale, AZ
26.7%
George V
21.6%
George VI
19.6%
Edward VIII
18.3%
Bronze Age
16.8%
Golden Age
16.2%
Iron Age
16.2%
Deloitte
15.7%
Ernst & Young
14.8%
Promotion
14.4%
PricewaterhouseCoopers
14.1%
Europa
13.7%
KPMG
13.4%
US Attorney General
12.2%
Ganymede
10.7%
Silver Age
10.2%
Roger Taylor
9.3%
Vittorio Orlando
9.2%
John Deacon
6.6%
Georges Clemenceau
6.5%
Callisto
6.2%

You're not logged in!

Compare scores with friends on all Sporcle quizzes.
OR
Log In

Sporcle TV

Today on Sporcle TV


Watch our educational content, quiz creation guides, and fun videos on Sporcle TV.

Show Comments

Extras

Top Quizzes Today


Score Distribution

Your Account Isn't Verified!

In order to create a playlist on Sporcle, you need to verify the email address you used during registration. Go to your Sporcle Settings to finish the process.

Report this User

Report this user for behavior that violates our Community Guidelines.

Details: